2021 NCAA Tournament Teams Logos - Statistics

General Stats
  • This quiz has been taken 334 times
    328 since last reset
  • The average score is 56 of 67
Answer Stats
Picture Answer % Correct
Michigan
99%
Alabama
98%
Baylor
98%
Ohio
98%
Oregon
98%
UCLA
98%
Arkansas
97%
Ohio St
97%
Clemson
96%
Florida
96%
LSU
96%
North Carolina
96%
Oklahoma
96%
Texas
96%
USC
96%
BYU
95%
Houston
95%
Illinois
95%
Purdue
95%
Syracuse
95%
Tennessee
95%
Villanova
95%
Virginia
95%
Virginia Tech
95%
West Virginia
95%
Wisconsin
95%
Florida St
94%
Kansas
94%
Maryland
94%
Oklahoma St
94%
Rutgers
94%
Texas Tech
94%
Missouri
93%
Georgia Tech
92%
Iowa
92%
UCONN
90%
Utah St
90%
Cleveland St
89%
Oregon St
89%
San Diego St
89%
Gonzaga
88%
Colorado
87%
Colgate
85%
Creighton
85%
Iona
84%
Georgetown
82%
Loyola Chicago
81%
Michigan St
80%
North Texas
80%
VCU
80%
Eastern Washington
79%
Oral Roberts
77%
Liberty
73%
Appalachian St
72%
Grand Canyon
70%
Hartford
68%
Wichita St
67%
UNC Greensboro
65%
Norfolk St
62%
Drake
61%
Drexel
56%
Abilene Christian
55%
UCSB
53%
Texas Southern
50%
Morehead St
30%
Winthrop
27%
Mount St Marys
19%
No matching quizzes found
Score Distribution
Percent of People with Each Score
Percentile by Number Answered
Your Score History
You have not taken this quiz since the last reset